Представление документа в формате MARC21

ПолеНазваниеЗначение
  Тип записи a
  Библиографический уровень m
001 Контрольный номер RU/URAIT/543229
003 Принадлежность контрольного номера https://urait.ru/bcode/543229
005 Дата корректировки 20240827112650.6
008 Кодируемые данные
020 Индекс ISBN __
a ISBN 978-5-534-12514-6
c Цена, тираж 529.00
040 Источник каталогиз. __
a Служба первич. каталог. ИКО Юрайт
b Код языка каталог. rus
c Служба, преобразующая запись ИКО Юрайт
041 Код языка издания 0_
a Код языка текста rus
044 Код страны публикации __
a Код страны публикации RU
073 _1
a 9785534125146
d 529.00
080 Индекс УДК __
a Индекс УДК 72.034
084 Индекс другой классификации/Индекс ББК __
a Индекс другой классификации/Индекс ББК 85.113(3)
2 Источник индекса rubbk
091 Индексы/ коды __
a Индекс ББК (DOS) 85.113(3)
z rubbk
100 Автор 1_
a Автор Вёльфлин Г.
q Полное имя Генрих
230 __
a Электрон. дан.
245 Заглавие 00
a Заглавие Ренессанс и барокко
b Продолж. заглавия -
c Ответственность Г. Вёльфлин ; переводчик Е. Г. Лундберг, под редакцией А. Л. Волынского.
260 Выходные данные 1_
a Место издания Москва
b Издательство Юрайт
c Дата издания 2024
300 Физическое описание __
a Объем 169 с
440 Серия _0
a Серия Антология мысли
500 Примечания __
a Примечание URL: https://urait.ru/bcode/543229 (дата обращения: 27.08.2024).
520 Аннотация __
a Аннотация Генрих Вёльфлин — швейцарский искусствовед, профессор университетов в Швейцарии и Германии. С его именем связано становление истории искусства как самостоятельной научной дисциплины. Монография «Ренессанс и барокко», одна из его ранних работ, принесла автору европейскую известность. Вёльфлин стремится исследовать «психологию» эпохи Ренессанса и барокко. Для анализа характерных черт барокко он привлекает большое число образцов европейского архитектурного искусства. Печатается по изданию 1913 года. Для широкого круга читателей.
538 Прим. о системных особенностях __
a Прим. о системных особенностях Режим доступа: Электронно-библиотечная система Юрайт, для авториз. пользователей
653 Ключевые слова 2_
a Ключевые слова Искусствознание. История искусства. Эстетика
653 Ключевые слова 2_
a Ключевые слова Гуманитарные науки
653 Ключевые слова 2_
a Ключевые слова Введение в историю искусства
653 Ключевые слова 2_
a Ключевые слова Искусство эпохи Возрождения
653 Ключевые слова 2_
a Ключевые слова История и теория искусств
653 Ключевые слова 2_
a Ключевые слова История искусства
653 Ключевые слова 2_
a Ключевые слова Основы искусства эпохи Возрождения
653 Ключевые слова 2_
a Ключевые слова История искусств
653 Ключевые слова 2_
a Ключевые слова Искусство Возрождения
653 Ключевые слова 2_
a Ключевые слова Теория и история искусства
653 Ключевые слова 2_
a Ключевые слова Основы искусствоведения
653 Ключевые слова 2_
a Ключевые слова Введение в искусствознание
653 Ключевые слова 2_
a Ключевые слова Искусствоведение
653 Ключевые слова 2_
a Ключевые слова История и теория искусства
700 Другие авторы 1_
a Другие авторы Лундберг Е. Г.
q Полное имя Евгений Германович
700 Другие авторы 1_
a Другие авторы Волынский А. Л.
q Полное имя Аким Львович
856 Электронный адрес документа 40
n Местонахождение сервера Юрайт
g Электронная книга
q Тип электронного формата html
h Имя пользователя ЮРАЙТ
v Часы доступа к ресурсу 20251231
2 Способ доступа Показать документ
x Служебное примечание https://urait.ru/book/cover/965BE149-4B99-4EC1-AAFF-F8D3A816375E
u URL https://urait.ru/bcode/543229
856 Электронный адрес документа 41
q Тип электронного формата cover
u URL https://urait.ru/book/cover/965BE149-4B99-4EC1-AAFF-F8D3A816375E